An introduction to computational fluid dynamics : (Record no. 232505)

000 -LEADER
fixed length control field 01091pam a2200265 a 4500
001 - CONTROL NUMBER
control field 3504341
003 - CONTROL NUMBER IDENTIFIER
control field Nust
005 - DATE AND TIME OF LATEST TRANSACTION
control field 20170220112513.0
008 - FIXED-LENGTH DATA ELEMENTS--GENERAL INFORMATION
fixed length control field 950224s1995 enka b 001 0 eng
010 ## - LIBRARY OF CONGRESS CONTROL NUMBER
LC control number 95006736
020 ## - INTERNATIONAL STANDARD BOOK NUMBER
International Standard Book Number 0470235152
040 ## - CATALOGING SOURCE
Original cataloging agency DLC
Transcribing agency RCMS
Modifying agency DLC
050 00 - LIBRARY OF CONGRESS CALL NUMBER
Classification number QA911
Item number .V47 1995
082 00 - DEWEY DECIMAL CLASSIFICATION NUMBER
Classification number 532 VER
100 1# - MAIN ENTRY--PERSONAL NAME
Personal name Versteeg, H. K.
Fuller form of name (Henk Kaarle),
Dates associated with a name 1955
245 13 - TITLE STATEMENT
Title An introduction to computational fluid dynamics :
Remainder of title the finite volume method /
Statement of responsibility, etc. H.K. Versteeg and W. Malalasekera.
260 ## - PUBLICATION, DISTRIBUTION, ETC.
Place of publication, distribution, etc. Harlow, Essex, England :
-- Longman Scientific & Technical ;
Name of publisher, distributor, etc. New York :
-- Wiley,
Date of publication, distribution, etc. 1995.
300 ## - PHYSICAL DESCRIPTION
Extent x, 257 p. :
Other physical details ill. ;
Dimensions 25 cm.
504 ## - BIBLIOGRAPHY, ETC. NOTE
Bibliography, etc. note Includes bibliographical references (p. [247]-254) and index.
650 #0 - SUBJECT ADDED ENTRY--TOPICAL TERM
Topical term or geographic name entry element Finite volume method.
650 #0 - SUBJECT ADDED ENTRY--TOPICAL TERM
Topical term or geographic name entry element Computational fluid dynamics.
700 1# - ADDED ENTRY--PERSONAL NAME
Personal name Malalasekera, W.
Fuller form of name (Weeratunge),
Dates associated with a name 1960-
856 ## - ELECTRONIC LOCATION AND ACCESS
Materials specified Table of contents only
Uniform Resource Identifier <a href="http://www.loc.gov/catdir/toc/ecip0716/2007017469.html">http://www.loc.gov/catdir/toc/ecip0716/2007017469.html</a>
906 ## - LOCAL DATA ELEMENT F, LDF (RLIN)
a 7
b cbc
c orignew
d 1
e ocip
f 19
g y-gencatlg
942 ## - ADDED ENTRY ELEMENTS (KOHA)
Source of classification or shelving scheme
Koha item type Book
Holdings
Withdrawn status Lost status Source of classification or shelving scheme Damaged status Not for loan Permanent Location Current Location Shelving location Date acquired Total Checkouts Full call number Barcode Date last seen Date last checked out Price effective from Koha item type
          School of Interdisciplinary Engineering and Sciences (SINES) School of Interdisciplinary Engineering and Sciences (SINES) General Stacks 02/20/2017 2 532 VER RCMS002957 09/28/2020 05/29/2019 02/20/2017 Book
© 2023 Central Library, National University of Sciences and Technology. All Rights Reserved.